Textbook of bioinformatics: Information-theoretic perspectives of bioengineering and biological complexes (Record no. 394881)

MARC details
000 -LEADER
fixed length control field 00616 a2200205 4500
005 - DATE & TIME
control field 20260213162512.0
008 - FIXED-LENGTH DATA ELEMENTS--GENERAL INFORMATION
fixed length control field 260212b |||||||| |||| 00| 0 eng d
020 ## - ISBN
International Standard Book Number 9780000991751
Price Rs. 3095.00
040 ## - CATALOGING SOURCE
Original cataloging agency VIVEKANANDA LIBRARY
082 ## - DDC NUMBER
Classification number 572.8
Book Number N292T
100 ## - MAIN ENTRY--PERSONAL NAME
Personal name Neelakanta, Perambur S
245 ## - TITLE STATEMENT
Title Textbook of bioinformatics: Information-theoretic perspectives of bioengineering and biological complexes
260 ## - PUBLICATION, DISTRIBUTION, ETC. (IMPRINT)
Name of publisher, distributor, etc World Scientific Publishing
Date of publication, distribution, etc 2024
Place of publication, distribution, etc Singapore
300 ## - PHYSICAL DESCRIPTION
Pages xii, 671
650 ## - Subject
Subject Biology
650 ## - Subject
Subject Biochemistry
650 ## - Subject
Subject Molecular Biology
650 ## - Subject
Subject Bioinformatics
942 ## - ADDED ENTRY ELEMENTS (KOHA)
Koha item type Books
Holdings
Withdrawn status Lost status Source of classification or shelving scheme Damaged status Not for loan Location (home branch) Sublocation or collection (holding branch) Shelving location Date acquired Koha issues (times borrowed) Koha full call number Accession No. Koha date last seen Koha item type
    Dewey Decimal Classification     VIVEKANANDA LIBRARY VIVEKANANDA LIBRARY Vivekananda Library 27/01/2026   572.8 N292T 444271 27/01/2026 Books
© Designed and Maintained by Vivekananda Library, MDU Rohtak